MARC details
| 000 -CABECERA |
| campo de control de longitud fija |
02119nam a2200361 i 4500 |
| 003 - IDENTIFICADOR DEL NÚMERO DE CONTROL |
| campo de control |
DO-SdBNP |
| 005 - FECHA Y HORA DE LA ÚLTIMA TRANSACCIÓN |
| campo de control |
20260330104610.0 |
| 007 - CAMPO FIJO DE DESCRIPCIÓN FÍSICA--INFORMACIÓN GENERAL |
| campo de control de longitud fija |
ta |
| 008 - DATOS DE LONGITUD FIJA--INFORMACIÓN GENERAL |
| campo de control de longitud fija |
220621e2018 dr ad||fr|||| 001 0 spa d |
| 020 ## - NÚMERO INTERNACIONAL ESTÁNDAR DEL LIBRO |
| Número Internacional Estándar del Libro |
9789945015172 |
| 040 ## - FUENTE DE LA CATALOGACIÓN |
| Centro catalogador/agencia de origen |
DO-SdBNP |
| Lengua de catalogación |
spa |
| Centro/agencia transcriptor |
BNPHU |
| Normas de descripción |
rda |
| 041 ## - CÓDIGO DE LENGUA |
| Código de lengua del texto/banda sonora o título independiente |
spa |
| 082 #4 - NÚMERO DE LA CLASIFICACIÓN DECIMAL DEWEY |
| Número de clasificación |
304.87293 |
| Número de documento/Ítem |
R426se 2017 |
| Número de edición |
22 |
| 110 1# - ENTRADA PRINCIPAL--NOMBRE DE ENTIDAD CORPORATIVA |
| Nombre de entidad corporativa o nombre de jurisdicción como elemento de entrada |
República Dominicana. |
| Unidad subordinada |
Ministerio de Economía, Planificación y Desarrollo |
| 9 (RLIN) |
66142 |
| 245 10 - MENCIÓN DE TÍTULO |
| Título |
Segunda encuesta Nacional de inmigrantes en la República Dominicana, ENI-2017: |
| Resto del título |
versión resumida del informe general / |
| Mención de responsabilidad, etc. |
prólogo, Sonia Vásquez; presentación, Alexandra Izquierdo |
| 264 ## - PRODUCCIÓN, PUBLICACIÓN, DISTRIBUCIÓN, FABRICACIÓN Y COPYRIGHT |
| Producción, publicación, distribución, fabricación y copyright |
Santo Domingo, República Dominicana : |
| Nombre del de productor, editor, distribuidor, fabricante |
MEPyD, ONE, UNFPA, |
| Fecha de producción, publicación, distribución, fabricación o copyright |
2018 |
| 300 ## - DESCRIPCIÓN FÍSICA |
| Extensión |
80 páginas : |
| Otras características físicas |
ilustraciones cuadros, gráficas ; |
| Dimensiones |
27 cm. |
| 336 ## - TIPO DE CONTENIDO |
| Término de tipo de contenido |
rdacontent |
| Código de tipo de contenido |
texto |
| Fuente |
txt |
| 337 ## - TIPO DE MEDIO |
| Nombre/término del tipo de medio |
rdamedia |
| Código del tipo de medio |
sin mediación |
| Fuente |
n |
| 338 ## - TIPO DE SOPORTE |
| Nombre/término del tipo de soporte |
rdacarrier |
| Código del tipo de soporte |
volumen |
| Fuente |
nc |
| 505 0# - NOTA DE CONTENIDO CON FORMATO |
| Nota de contenido con formato |
Prólogo. |
| Título |
Presentación. |
| -- |
1. Objetivos y Metodología.-- |
| -- |
2. Estimación de la población de origen extranjero inmigrantes y descendientes.-- |
| -- |
3. Características sociodemográficas de la población inmigrantes de sus descendientes,-- |
| -- |
4. Salud sexual y productiva.-- |
| -- |
5. El proceso inmigratorio.-- |
| -- |
6. Inmigración y mercado de trabajo.-- |
| -- |
7. Remesas e inmigración.-- |
| -- |
8. Políticas Públicas de Regularización: PNRE y Ley 169-14 |
| -- |
Listado de gráficos y cuadros. |
| 590 ## - NOTA LOCAL (RLIN) |
| Nota local |
Invetariado 2022 / MF |
| 650 #4 - PUNTO DE ACCESO ADICIONAL DE MATERIA--TÉRMINO DE MATERIA |
| Término de materia o nombre geográfico como elemento de entrada |
Inmigrantes |
| Subdivisión geográfica |
República Dominicana |
| Subdivisión de forma |
Estadísticas |
| Subdivisión cronológica |
2017 |
| 9 (RLIN) |
82033 |
| 650 #4 - PUNTO DE ACCESO ADICIONAL DE MATERIA--TÉRMINO DE MATERIA |
| Término de materia o nombre geográfico como elemento de entrada |
Encuestas demográficas |
| Subdivisión geográfica |
República Dominicana |
| Subdivisión cronológica |
2017 |
| 9 (RLIN) |
82031 |
| 651 #4 - PUNTO DE ACCESO ADICIONAL DE MATERIA--NOMBRE GEOGRÁFICO |
| 9 (RLIN) |
80314 |
| Nombre geográfico |
República Dominicana |
| Subdivisión general |
Emigración e inmigración |
| Subdivisión de forma |
Encuestas |
| Subdivisión cronológica |
2017 |
| 651 #4 - PUNTO DE ACCESO ADICIONAL DE MATERIA--NOMBRE GEOGRÁFICO |
| Nombre geográfico |
República Dominicana |
| Subdivisión general |
Población |
| Subdivisión de forma |
Estadísticas |
| Subdivisión cronológica |
2017 |
| 9 (RLIN) |
82030 |
| 700 1# - PUNTO DE ACCESO ADICIONAL--NOMBRE DE PERSONA |
| 9 (RLIN) |
22299 |
| Nombre de persona |
Vásquez, Sonia, |
| Término indicativo de función/relación |
prologuista |
| Código de función/relación |
pr. |
| 700 1# - PUNTO DE ACCESO ADICIONAL--NOMBRE DE PERSONA |
| 9 (RLIN) |
31095 |
| Nombre de persona |
Izquierdo, Alexandra |
| Término indicativo de función/relación |
presentador |
| Código de función/relación |
pr. |
| 710 1# - PUNTO DE ACCESO ADICIONAL--NOMBRE DE ENTIDAD CORPORATIVA |
| Nombre de entidad corporativa o nombre de jurisdicción como elemento de entrada |
República Dominicana. |
| Unidad subordinada |
Ministerio de Economía, Planificación y Desarrollo |
| 9 (RLIN) |
66142 |
| 710 1# - PUNTO DE ACCESO ADICIONAL--NOMBRE DE ENTIDAD CORPORATIVA |
| Nombre de entidad corporativa o nombre de jurisdicción como elemento de entrada |
República Dominicana. |
| Unidad subordinada |
Oficina Nacional de Estadística |
| 9 (RLIN) |
5775 |
| 910 ## - DATOS DE OPCIÓN DEL USUARIO (OCLC) |
| Datos de opción del usuario |
MFeliz/Validado. Control de calidad MFF |
| 942 ## - ELEMENTOS DE PUNTO DE ACCESO ADICIONAL (KOHA) |
| Fuente del sistema de clasificación o colocación |
Dewey Decimal Classification |
| Tipo de ítem Koha |
Libro |